000 00532 a2200193 4500
005 20260414113101.0
008 260413b |||||||| |||| 00| 0 eng d
020 _a9789367136652
_cRs. 1270.00
040 _aMAIN
082 _a005.133
_bH78C(13)
100 _aHorstmann, Cay S
245 _aCore Java, V2: Advanced features
250 _a13th
260 _bPearson India Education Services
_c2025
_aNoida
300 _axvi, 866
650 _aComputer Science
650 _aJava- Computer Programming Language
942 _cBK
999 _c397199
_d397199